|
|
|
|
| LEADER |
00727nab a2200193 i 4500 |
| 001 |
tisza26396 |
| 005 |
20211005103158.0 |
| 008 |
211005s2021 hu o 0|| hun d |
| 022 |
|
|
|a 0133-1167
|
| 040 |
|
|
|a SZTE Tiszatáj Archívum
|b hun
|
| 041 |
|
|
|a hun
|
| 100 |
1 |
|
|a Bálint Péter
|
| 245 |
1 |
0 |
|a "te fogod a gyerekeket tanítani"
|h [elektronikus dokumentum] :
|b Jézus és a mesehős gyermekkorának hermeneutikai vizsgálata /
|c Bálint Péter
|
| 260 |
|
|
|c 2021
|
| 300 |
|
|
|a 56-67
|
| 490 |
0 |
|
|a Tiszatáj
|v 75 No. 1
|
| 695 |
|
|
|a Jézus Krisztus, Vallásos irodalom története, Magyar irodalom története
|
| 700 |
0 |
1 |
|a Nagy Gábor
|
| 856 |
4 |
0 |
|u http://tiszataj.bibl.u-szeged.hu/26396/1/tiszataj_2021_001_056-067.pdf
|z Dokumentum-elérés
|